| 000 | 00560nam a2200193Ia 4500 | ||
|---|---|---|---|
| 003 | GCL | ||
| 008 | 140319s9999 xx 000 0 ara d | ||
| 040 |
_aGCL / _cGCL |
||
| 082 | 0 | 4 |
_a823 _bب غ |
| 100 | 1 | _aبودست، مارسيل | |
| 245 | 1 | 0 |
_aغرام سوان / _cبودست، مارسيل |
| 700 | 1 | _aروبير غانم | |
| 260 |
_a[S.N] : _bمنشورات عويدان ، _c1982 |
||
| 300 | _a318 ص | ||
| 490 | _a | ||
| 650 | 0 | 4 | _aالقصص الانجليزية المترجمة |
| 650 | 0 | 4 | _aالادب الانجليزى |
| 942 |
_2ddc _cBK |
||
| 999 |
_c36236 _d36236 |
||